Normal view MARC view
  • Continuous function

Entry Topical Term

Number of records used in: 1

001 - CONTROL NUMBER

  • control field: 960

003 - CONTROL NUMBER IDENTIFIER

  • control field: OSt

005 - DATE AND TIME OF LATEST TRANSACTION

  • control field: 20250826113752.0

008 - FIXED-LENGTH DATA ELEMENTS

  • fixed length control field: 250826|| aca||aabn | a|a d

040 ## - CATALOGING SOURCE

  • Original cataloging agency: OSt
  • Transcribing agency: OSt

150 ## - HEADING--TOPICAL TERM

  • Topical term or geographic name entry element: Continuous function

670 ## - SOURCE DATA FOUND

  • Source citation: Work cat.: (OSt)751129: Robert, Alain M 958, Course in p-adic analysis, 2025